KIKA Sendungen erraten - Statistiken

Allgemein
  • Dieses Quiz wurde 225 mal gespielt
  • Das Durchschnittsergebnis liegt bei 7 aus 15
Antwortstatistiken
Tipp Antwort % Korrekt
Das Leben und die alltäglichen Probleme in einem Internat Schloss Einstein
84%
5 Kinder und Jugendliche lösen Kriminalfälle Pfefferkörner
81%
Nachrichten kinderleicht erklärt Logo
79%
5 Jungs machen Urlaub ohne ihre Eltern Jungs WG
78%
Tigerenten vs. Frösche Tigerentenclub
77%
5 Mädchen machen Urlaub ohne ihre Eltern Mädchen WG
73%
Lach und Sachgeschichten Sendung mit der Maus
55%
Sendung begleitet Schüler beim Schreiben und Performen ihrer eigenen Songs Dein Song
51%
Familienleben mit vielen Tieren im Schwarzwald Tiere bis unters Dach
38%
6 Jugendliche stecken in einem Zeitloch fest Fluch des Falken
14%
5 Jugendliche im Wettlauf gegen die Zeit Allein gegen die Zeit
12%
Eine Clique gründet eine Band und hofft auf einen Plattenvertrag Endlich Samstag
12%
Kinder Tatort Krimi.de
11%
Spielshow mit einem Drachen, einer Schneehäsin, einem Schneemann und einem Pinguin Tabaluga Tivi
8%
Leas Eltern haben keine Zeit für sie und ihren Bruder und der Onkel passt auf Sturmfrei
4%
Keine übereinstimmenden Quizze gefunden
Verteilung der Resultate
Anzahl Personen mit jedem Resultat
Perzentil nach korrekt beantworteten Fragen
Ihre Resultats-Entwicklung
Sie haben dieses Quiz noch nicht gespielt